[Event "2BLO 2324 SC Erlangen - Münchener Schac"]
[Site "?"]
[Date "2023.12.01"]
[Round "8.1"]
[White "Sarana, Alexey"]
[Black "Mons, Leon"]
[Result "1-0"]
[WhiteElo "2688"]
[BlackElo "2509"]
[PlyCount "163"]
[EventDate "2023.??.??"]

1. d4 Nf6 2. c4 e6 3. Nc3 Bb4 4. e3 O-O 5. Bd3 d5 6. Nf3 dxc4 7. Bxc4 c5 8. a3 Bxc3+ 9. bxc3 Qc7 10. Be2 b6 11. O-O Ba6 12. Bb2 Bxe2 13. Qxe2 Nbd7 14. e4 cxd4 15. cxd4 Rac8 16. Rfc1 Qb7 17. Re1 b5 18. Rab1 a6 19. a4 b4 20. a5 Qc7 21. Qxa6 Ra8 22. Qd3 Qxa5 23. Bc1 Rfd8 24. Qb3 Rab8 25. Bf4 Rb7 26. Nd2 Ra8 27. Nc4 Qa6 28. f3 h6 29. Rec1 Ne8 30. Qd1 Qb5 31. Bd2 b3 32. Rc3 Qa4 33. Rcxb3 Rxb3 34. Qxb3 Qa6 35. Qb7 Qa4 36. Qb5 Qa7 37. Qb2 e5 38. Be3 Rb8 39. Ra1 Qc7 40. Qc1 Rc8 41. Nxe5 Nxe5 42. Qxc7 Nxc7 43. dxe5 Ne6 44. Rc1 Ra8 45. Rd1 g5 46. g3 Ra4 47. Kf2 Kh7 48. h4 Kg6 49. Rd7 Ra2+ 50. Bd2 Nc5 51. Rd6+ Kg7 52. Rd5 Ne6 53. h5 Kf8 54. Kg2 g4 55. fxg4 Kg7 56. Rd6 Ng5 57. Kf1 Ne6 58. Ke2 Ra4 59. Kf3 Ra3+ 60. Be3 Rb3 61. Ra6 Nd4+ 62. Kf2 Rb2+ 63. Kf1 Ne6 64. Ra4 Rc2 65. Ke1 Rb2 66. Bf4 Rg2 67. Ra3 Rb2 68. Bd2 Rc2 69. Ra4 Nc5 70. Rd4 Ne6 71. Rb4 Ra2 72. Rc4 Ra3 73. Kf2 Rb3 74. Bb4 Rb2+ 75. Ke1 Ng5 76. Kd1 Rb3 77. Be7 Nh7 78. Bh4 Ng5 79. Bxg5 hxg5 80. Rc7 Kh6 81. Rc6+ Kg7 82. e6 1-0

[Event "2BLO 2324 SC Erlangen - Münchener Schac"]
[Site "?"]
[Date "2023.12.01"]
[Round "8.2"]
[White "Miller, Eduard"]
[Black "Predke, Alexandr"]
[Result "1-0"]
[WhiteElo "2345"]
[BlackElo "2689"]
[PlyCount "101"]
[EventDate "2023.??.??"]

1. d4 Nf6 2. Bf4 e6 3. e3 c5 4. Nf3 cxd4 5. exd4 Nc6 6. Nbd2 Ne7 7. Nc4 Ned5 8. Bg3 b5 9. Nce5 Qa5+ 10. c3 d6 11. Nd3 Ne4 12. Be2 Be7 13. Nd2 f5 14. Nxe4 fxe4 15. Nf4 Nxf4 16. Bxf4 O-O 17. Be3 b4 18. c4 Bg5 19. O-O Bxe3 20. fxe3 Bd7 21. Qd2 Qg5 22. Rxf8+ Rxf8 23. Rf1 Rxf1+ 24. Bxf1 Kf8 25. Qf2+ Ke7 26. Qf4 Qxf4 27. exf4 e3 28. Bd3 h6 29. Be4 e5 30. fxe5 dxe5 31. d5 Kd6 32. Bg6 Kc5 33. b3 a5 34. Kf1 a4 35. Ke2 Kd4 36. h3 a3 37. g4 Kc3 38. c5 Bb5+ 39. Kxe3 Kb2 40. Kd2 Kxa2 41. Kc2 Bc4 42. bxc4 b3+ 43. Kc3 b2 44. Kb4 b1=Q+ 45. Bxb1+ Kxb1 46. Kxa3 e4 47. c6 e3 48. c7 e2 49. c8=Q e1=Q 50. Qb8+ Kc2 51. Qb3+ 1-0

[Event "2BLO 2324 SC Erlangen - Münchener Schac"]
[Site "?"]
[Date "2023.12.01"]
[Round "8.3"]
[White "Saric, Ivan"]
[Black "Klek, Hanna Marie"]
[Result "1-0"]
[WhiteElo "2685"]
[BlackElo "2236"]
[PlyCount "81"]
[EventDate "2023.??.??"]

1. e4 e5 2. Nf3 Nc6 3. Bb5 a6 4. Ba4 Nf6 5. O-O Be7 6. Re1 b5 7. Bb3 d6 8. c3 O-O 9. h3 Nb8 10. d4 Nbd7 11. Nbd2 Bb7 12. Bc2 Re8 13. Nb3 c5 14. d5 c4 15. Nbd2 Qc7 16. Nf1 a5 17. g4 Reb8 18. Ng3 b4 19. g5 Ne8 20. Nf5 Bf8 21. Nh2 Nc5 22. Ng4 Bc8 23. Re3 Kh8 24. Rg3 Rb7 25. h4 Rab8 26. h5 g6 27. Nfh6 Bxg4 28. Nxg4 Ng7 29. hxg6 fxg6 30. Rf3 Nh5 31. Qf1 Qc8 32. Qg2 Bg7 33. Nh6 Qe8 34. Be3 bxc3 35. bxc3 Bxh6 36. gxh6 Rb2 37. Rc1 Rxa2 38. Bxc5 dxc5 39. Qg5 a4 40. Rb1 Rc8 41. Rb7 1-0

[Event "2BLO 2324 SC Erlangen - Münchener Schac"]
[Site "?"]
[Date "2023.12.01"]
[Round "8.4"]
[White "Mijovic, Stefan"]
[Black "Martinovic, Sasa"]
[Result "1/2-1/2"]
[WhiteElo "2382"]
[BlackElo "2556"]
[PlyCount "84"]
[EventDate "2023.??.??"]

1. c4 c6 2. Nf3 d5 3. e3 Nf6 4. Nc3 e6 5. d4 Nbd7 6. b3 Bb4 7. Bd2 O-O 8. Bd3 Qe7 9. Ne5 dxc4 10. bxc4 Nxe5 11. dxe5 Nd7 12. f4 Nc5 13. Bc2 Rd8 14. Qe2 b5 15. cxb5 cxb5 16. O-O Bb7 17. Rfd1 a6 18. Nd5 Bxd5 19. Bxb4 a5 20. Bxh7+ Kxh7 21. Qc2+ Be4 22. Qxe4+ Nxe4 23. Bxe7 Rxd1+ 24. Rxd1 b4 25. Rd4 Nc3 26. Rd2 Nd5 27. Bc5 Rc8 28. Bd4 g5 29. fxg5 Kg6 30. Kf2 Kxg5 31. Kf3 Rc1 32. Ke4 a4 33. Kd3 b3 34. axb3 a3 35. Ke2 Rb1 36. Rc2 Nb4 37. Rc7 a2 38. Ra7 Rxb3 39. Kd2 Rb1 40. Ke2 Kg6 41. Kf3 Rf1+ 42. Kg3 Rd1 1/2-1/2

[Event "2BLO 2324 SC Erlangen - Münchener Schac"]
[Site "?"]
[Date "2023.12.01"]
[Round "8.5"]
[White "Costa, Leonardo"]
[Black "Schulz, Lukas"]
[Result "1-0"]
[WhiteElo "2472"]
[BlackElo "2328"]
[PlyCount "62"]
[EventDate "2023.??.??"]

1. e4 c5 2. Nf3 Nc6 3. d4 cxd4 4. Nxd4 Nf6 5. Nc3 e5 6. Ndb5 d6 7. Nd5 Nxd5 8. exd5 Ne7 9. c4 Ng6 10. Qa4 Bd7 11. Qb4 Qb8 12. Be3 a6 13. Nc3 f5 14. h4 Be7 15. h5 a5 16. Qa3 Nh4 17. f4 Qd8 18. fxe5 dxe5 19. d6 Bg5 20. Nd5 Bc6 21. Bb6 Qd7 22. g3 Bxd5 23. cxd5 O-O 24. gxh4 Bh6 25. Qc5 Rac8 26. Bc7 Qf7 27. d7 Rcd8 28. d6 Kh8 29. Bb5 Rxd7 30. Bxd7 Qxd7 31. Rd1 Rc8 1-0

[Event "2BLO 2324 SC Erlangen - Münchener Schac"]
[Site "?"]
[Date "2023.12.01"]
[Round "8.6"]
[White "Ott, Florian"]
[Black "Watson, William N"]
[Result "1-0"]
[WhiteElo "2291"]
[BlackElo "2486"]
[PlyCount "81"]
[EventDate "2023.??.??"]

1. c4 d6 2. Nc3 e5 3. g3 g6 4. Bg2 Bg7 5. d3 f5 6. e4 Nc6 7. Nge2 Nf6 8. O-O O-O 9. Bg5 Ne7 10. Qd2 c6 11. d4 Be6 12. d5 cxd5 13. exf5 gxf5 14. Bxf6 Rxf6 15. Nxd5 Rf7 16. Nxe7+ Qxe7 17. Bd5 f4 18. Nc3 Bh6 19. Ne4 Kh8 20. f3 Rg7 21. g4 Bd7 22. Kh1 Rd8 23. Qa5 a6 24. Qb6 Bc8 25. Rad1 Bg5 26. Rg1 Qf8 27. Rg2 Be7 28. Bxb7 Be6 29. Bd5 Bc8 30. Bb7 Be6 31. Bd5 Bc8 32. Rdg1 Qe8 33. b3 h5 34. g5 h4 35. g6 Qf8 36. Rg5 Bxg5 37. Rxg5 Re7 38. Rh5+ Kg7 39. Qg1 Be6 40. Qg5 Bxd5 41. Qh6+ 1-0

[Event "2BLO 2324 SC Erlangen - Münchener Schac"]
[Site "?"]
[Date "2023.12.01"]
[Round "8.7"]
[White "Froewis, Georg"]
[Black "Hilverda, Alexander"]
[Result "1/2-1/2"]
[WhiteElo "2464"]
[BlackElo "2232"]
[PlyCount "94"]
[EventDate "2023.??.??"]

1. c4 e5 2. Nc3 Bb4 3. Qc2 Nf6 4. Nf3 Nc6 5. e3 d6 6. a3 Bxc3 7. Qxc3 a5 8. b3 O-O 9. Bb2 Bg4 10. d3 Qe7 11. Be2 Rfe8 12. h3 Bxf3 13. Bxf3 Nd4 14. Bd1 Nf5 15. O-O Nd7 16. Bf3 c6 17. g3 Qg5 18. Bg2 Re6 19. Rae1 Rg6 20. Bc1 e4 21. dxe4 Nh4 22. g4 h5 23. f4 Qe7 24. f5 Rg5 25. e5 Nxg2 26. Kxg2 hxg4 27. h4 Rh5 28. exd6 Qxd6 29. e4 f6 30. Qg3 Ne5 31. Rd1 Qe7 32. Bb2 Nf3 33. Qxg4 Nxh4+ 34. Kf2 Re8 35. Rfe1 Rh7 36. e5 Nxf5 37. Qxf5 Rh2+ 38. Kg3 Rxb2 39. Rd7 Rxb3+ 40. Kg2 Rb2+ 41. Kh1 Qe6 42. Rxg7+ Kxg7 43. exf6+ Qxf6 44. Qd7+ Kh6 45. Qh3+ Kg7 46. Qd7+ Kh6 47. Qh3+ Kg7 1/2-1/2

[Event "2BLO 2324 SC Erlangen - Münchener Schac"]
[Site "?"]
[Date "2023.12.01"]
[Round "8.8"]
[White "Willim, Michael"]
[Black "Ciolek, Andreas"]
[Result "1-0"]
[WhiteElo "2140"]
[BlackElo "2278"]
[PlyCount "67"]
[EventDate "2023.??.??"]

1. d4 Nf6 2. c4 e6 3. Nf3 d5 4. Nc3 Bb4 5. cxd5 exd5 6. Bg5 h6 7. Bh4 O-O 8. e3 Bf5 9. Be2 Nbd7 10. Qb3 Qe7 11. a3 Bxc3+ 12. Qxc3 Qe6 13. Nd2 Rac8 14. b4 Ne4 15. Qc1 Nxd2 16. Kxd2 Qe4 17. g4 Bxg4 18. Bd3 Qe6 19. Qc2 f5 20. Rhg1 Bf3 21. Rg3 Be4 22. Rag1 Rf7 23. Rg6 Qe8 24. Rxh6 f4 25. Bxe4 dxe4 26. Qb3 Nf8 27. Bf6 Qe6 28. Bxg7 fxe3+ 29. Kc1 Rxg7 30. Rxg7+ Kxg7 31. Rxe6 exf2 32. Re7+ Kg6 33. Qg3+ Kf6 34. Qe5+ 1-0

[Event "2BLO 2324 FC Bayern München II - SV Deg"]
[Site "?"]
[Date "2024.02.03"]
[Round "5.1"]
[White "Narayanan S L"]
[Black "Girel, Joseph"]
[Result "1-0"]
[WhiteElo "2694"]
[BlackElo "2484"]
[PlyCount "165"]
[EventDate "2024.??.??"]

1. c4 e5 2. Nc3 Nf6 3. Nf3 Nc6 4. g3 d5 5. cxd5 Nxd5 6. Bg2 Nb6 7. O-O Be7 8. b3 O-O 9. Bb2 Bg4 10. Rc1 Qd7 11. Ne4 f6 12. a3 a5 13. d3 Kh8 14. Qc2 Bh3 15. Rfd1 Bxg2 16. Kxg2 Qe6 17. Ned2 Rfd8 18. Nc4 Nxc4 19. bxc4 Bc5 20. e3 Qe7 21. Ra1 e4 22. dxe4 Rxd1 23. Qxd1 Qxe4 24. Qd5 Qe7 25. h4 Rd8 26. Qf5 b6 27. h5 h6 28. Nh4 Qd7 29. Qf3 Ne7 30. Bd4 Bd6 31. a4 Qc6 32. Qxc6 Nxc6 33. Nf5 Be5 34. Rd1 Kg8 35. f4 Bxd4 36. exd4 Kf7 37. d5 Ne7 38. Nd4 Rd7 39. Kf3 Nc8 40. Ke4 Nd6+ 41. Kd3 Nb7 42. Ne6 Nd8 43. Re1 Nc6 44. Ke4 Ne7 45. Nd4 Rd6 46. Rd1 Rd7 47. g4 Nc8 48. Kd3 Ne7 49. Rb1 Rd8 50. Re1 Rd7 51. Kc3 Nc8 52. Nc6 Kf8 53. Kd4 Nd6 54. c5 Nc8 55. Rc1 Ke8 56. Re1+ Kf8 57. Rd1 Ke8 58. Kc4 bxc5 59. Kxc5 Nb6 60. Rd4 Rd6 61. Nxa5 Nd7+ 62. Kb5 Rb6+ 63. Kc4 Rb1 64. Nb3 Nb6+ 65. Kc3 Rg1 66. a5 Nc8 67. f5 Kd7 68. Re4 Nd6 69. Rb4 Rg3+ 70. Kb2 Rg2+ 71. Ka3 Rc2 72. a6 Nc8 73. Rb7 Rc4 74. a7 Nxa7 75. Rxa7 Rxg4 76. Ra6 Rf4 77. Nc5+ Ke7 78. d6+ cxd6 79. Ra7+ Ke8 80. Ne6 Rh4 81. Kb3 d5 82. Kc3 Re4 83. Kd3 1-0

[Event "2BLO 2324 FC Bayern München II - SV Deg"]
[Site "?"]
[Date "2024.02.03"]
[Round "5.2"]
[White "Domalchuk-Jonasson, Aleksandr"]
[Black "Krivoborodov, Egor"]
[Result "0-1"]
[WhiteElo "2362"]
[BlackElo "2549"]
[PlyCount "172"]
[EventDate "2024.??.??"]

1. d4 d5 2. c4 dxc4 3. Nf3 c5 4. e3 cxd4 5. Qxd4 Qxd4 6. Nxd4 Bd7 7. Nc3 Nc6 8. Bxc4 e6 9. Nxc6 Bxc6 10. f3 Rc8 11. Bd3 Nf6 12. Ke2 Nd7 13. Kf2 Bb4 14. Bd2 Ne5 15. Be2 Rd8 16. Rhd1 Nd3+ 17. Bxd3 Rxd3 18. a3 Be7 19. e4 O-O 20. Be3 Rxd1 21. Rxd1 a6 22. Bb6 Rc8 23. Ke2 f6 24. Rd2 Kf7 25. Ke3 f5 26. f4 g5 27. exf5 exf5 28. Nd5 Re8 29. Nxe7 Rxe7+ 30. Kf2 gxf4 31. Rd4 Be4 32. Rc4 Re6 33. Rc7+ Ke8 34. Rc8+ Kd7 35. Rc7+ Ke8 36. Rc8+ Kf7 37. Rc7+ Kg8 38. Rc8+ Kg7 39. Bd4+ Kh6 40. Rf8 Re7 41. Rd8 Kh5 42. Bc3 Re6 43. Rd7 h6 44. Rg7 Rd6 45. Ke2 Rc6 46. Kf2 a5 47. Rd7 a4 48. Rg7 b5 49. Rd7 Rg6 50. Rg7 Rd6 51. Ke2 Rc6 52. Be5 Bxg2 53. Bxf4 Rc2+ 54. Ke3 Rxb2 55. Rh7 Rb3+ 56. Kf2 Rf3+ 57. Kxg2 Rxf4 58. Rb7 Rc4 59. Rxb5 Kg5 60. Ra5 Kg4 61. h3+ Kf4 62. Ra6 h5 63. Ra8 Rc2+ 64. Kg1 Rc4 65. Rh8 Kg3 66. Rg8+ Kxh3 67. Kf2 h4 68. Rg5 Rc2+ 69. Kf3 Rc3+ 70. Kf2 f4 71. Rf5 Kg4 72. Rf8 Rf3+ 73. Kg2 h3+ 74. Kh2 Rxa3 75. Rg8+ Kf5 76. Rf8+ Ke4 77. Re8+ Kd4 78. Rd8+ Kc4 79. Rc8+ Kb3 80. Rb8+ Kc2 81. Rb4 f3 82. Rf4 Kd2 83. Kxh3 Ke2 84. Kg3 f2+ 85. Kg2 f1=Q+ 86. Rxf1 Rg3+ 0-1

[Event "2BLO 2324 FC Bayern München II - SV Deg"]
[Site "?"]
[Date "2024.02.03"]
[Round "5.3"]
[White "Bogosavljevic, Boban"]
[Black "Soderstrom, Adrian"]
[Result "1-0"]
[WhiteElo "2464"]
[BlackElo "2307"]
[PlyCount "145"]
[EventDate "2024.??.??"]

1. Nf3 d5 2. g3 g6 3. Bg2 Bg7 4. d4 Nf6 5. c4 O-O 6. cxd5 Nxd5 7. O-O Nc6 8. e4 Nb6 9. d5 Na5 10. Qe1 Nac4 11. Nc3 e6 12. dxe6 Bxe6 13. Qe2 Qe7 14. Qc2 c6 15. Rd1 Rfd8 16. Bg5 Bf6 17. Bxf6 Qxf6 18. b3 Ne5 19. Nxe5 Qxe5 20. Ne2 Nd7 21. Rac1 Qf6 22. h3 Nf8 23. f4 Rxd1+ 24. Rxd1 Rd8 25. Rf1 Bc8 26. g4 Qd6 27. Ng3 Qd2 28. Qxd2 Rxd2 29. Rf2 Rd1+ 30. Kh2 Nd7 31. e5 Nc5 32. Bf1 Be6 33. Rc2 Nd7 34. Bg2 Rd4 35. Ne2 Rd1 36. Nc3 Rd4 37. Ne2 Rd1 38. Bf3 Rd3 39. Be4 Rd1 40. Kg3 Bd5 41. Nc3 Bxe4 42. Nxe4 Rd3+ 43. Kg2 Rd4 44. Kf3 Rd3+ 45. Ke2 Rd4 46. Ke3 Rd1 47. Nd6 Nb6 48. Nxb7 Nd5+ 49. Ke2 Rh1 50. Rxc6 Rh2+ 51. Kf1 Rxh3 52. Nd6 Rf3+ 53. Ke2 Rxf4 54. g5 h6 55. gxh6 Kh7 56. Rc5 Nb6 57. Rc7 Kxh6 58. Rxa7 Kg5 59. Rb7 Nd5 60. a4 f6 61. a5 fxe5 62. a6 Nc3+ 63. Kd3 Rd4+ 64. Kxc3 Rxd6 65. a7 Ra6 66. b4 e4 67. b5 Ra3+ 68. Kb4 Ra1 69. b6 e3 70. Re7 Rb1+ 71. Kc5 Rc1+ 72. Kd6 Ra1 73. Rxe3 1-0

[Event "2BLO 2324 FC Bayern München II - SV Deg"]
[Site "?"]
[Date "2024.02.03"]
[Round "5.4"]
[White "Fedorovsky, Michael"]
[Black "Sedlak, Nikola"]
[Result "1/2-1/2"]
[WhiteElo "2410"]
[BlackElo "2461"]
[PlyCount "69"]
[EventDate "2024.??.??"]

1. d4 d5 2. Nc3 Nf6 3. Bf4 e6 4. Nb5 Na6 5. e3 c6 6. Nc3 Nc7 7. a3 Bd6 8. Bd3 Bxf4 9. exf4 Qd6 10. g3 b6 11. Nf3 Ba6 12. O-O O-O 13. Re1 Bxd3 14. Qxd3 c5 15. dxc5 bxc5 16. Rad1 Rab8 17. Ne5 Qa6 18. Qxa6 Nxa6 19. b3 Rb7 20. f5 d4 21. fxe6 dxc3 22. exf7+ Rfxf7 23. Nxf7 Kxf7 24. Re3 Nc7 25. Rxc3 Ne6 26. b4 cxb4 27. axb4 Rxb4 28. Ra1 Rb7 29. Rca3 Kg6 30. Rxa7 Rb2 31. R7a2 Rb5 32. Ra5 Rb2 33. R5a2 Rb5 34. Ra5 Rb2 35. R5a2 1/2-1/2

[Event "2BLO 2324 FC Bayern München II - SV Deg"]
[Site "?"]
[Date "2024.02.03"]
[Round "5.5"]
[White "Stojanovic, Dalibor"]
[Black "Rodewis, Thomas"]
[Result "1/2-1/2"]
[WhiteElo "2457"]
[BlackElo "2361"]
[PlyCount "101"]
[EventDate "2024.??.??"]

1. e4 c5 2. Nc3 a6 3. Nf3 b5 4. d4 cxd4 5. Nxd4 e6 6. Bd3 Bb7 7. O-O Nc6 8. Nxc6 Bxc6 9. Re1 Ne7 10. Bd2 Ng6 11. a4 Rb8 12. axb5 axb5 13. Qh5 e5 14. Nd5 Bd6 15. Bg5 Qc8 16. Ne3 Ra8 17. Nf5 Bf8 18. Qe2 Rxa1 19. Rxa1 f6 20. Bd2 Qb8 21. c4 b4 22. c5 Nf4 23. Bxf4 exf4 24. Nd4 g6 25. Nxc6 dxc6 26. e5 Qxe5 27. Qd2 Kf7 28. Ra7+ Be7 29. Bc4+ Kf8 30. Qd7 Qe1+ 31. Bf1 Kf7 32. Qxc6 Rd8 33. Rd7 Rxd7 34. Qxd7 Qe6 35. Qd4 Qe5 36. Qc4+ Kg7 37. Qxb4 Bxc5 38. Qd2 Qd4 39. Qxd4 Bxd4 40. b4 h5 41. Bd3 g5 42. Kf1 Kf7 43. Bf5 Ke7 44. Ke2 Kd6 45. f3 Bc3 46. b5 Kc5 47. Kd3 Be5 48. Bd7 h4 49. h3 Kb6 50. Kc4 Ba1 51. Bc6 1/2-1/2

[Event "2BLO 2324 FC Bayern München II - SV Deg"]
[Site "?"]
[Date "2024.02.03"]
[Round "5.6"]
[White "Belezky, Alexander"]
[Black "Popovic, Dusan"]
[Result "0-1"]
[WhiteElo "2283"]
[BlackElo "2504"]
[PlyCount "60"]
[EventDate "2024.??.??"]

1. Nf3 g6 2. g3 Bg7 3. Bg2 d6 4. c4 e5 5. Nc3 f5 6. d3 Nf6 7. Qc2 Nc6 8. Bd2 O-O 9. O-O-O Re8 10. Bg5 h6 11. Bxf6 Qxf6 12. Nd5 Qf7 13. e3 Nb8 14. Nd2 c6 15. Nc3 Be6 16. Nb3 Na6 17. Kb1 Nb4 18. Qd2 e4 19. dxe4 Bxc4 20. Nc1 fxe4 21. b3 Nd5 22. Nxe4 Rxe4 23. bxc4 Nc3+ 24. Qxc3 Bxc3 25. Bxe4 Qxc4 26. Bxg6 a5 27. a3 Ra6 28. Rd3 Rb6+ 29. Kc2 Rb2+ 30. Kd1 Qa4+ 0-1

[Event "2BLO 2324 FC Bayern München II - SV Deg"]
[Site "?"]
[Date "2024.02.03"]
[Round "5.7"]
[White "Petrov, Martin"]
[Black "Grafl, Florian"]
[Result "1-0"]
[WhiteElo "2514"]
[BlackElo "2345"]
[PlyCount "117"]
[EventDate "2024.??.??"]

1. e4 b6 2. d4 Bb7 3. Bd3 e6 4. Nf3 d5 5. exd5 Qxd5 6. O-O Nf6 7. Nc3 Qd8 8. Qe2 Be7 9. Bf4 O-O 10. Rad1 Nbd7 11. Rfe1 Bd6 12. Ne5 a6 13. Bg5 Be7 14. d5 Nxe5 15. Qxe5 Bd6 16. Bxf6 Bxe5 17. Bxd8 Bxc3 18. bxc3 Rfxd8 19. dxe6 fxe6 20. Rxe6 Bd5 21. Re5 Bf7 22. a3 c5 23. Rde1 Rd6 24. Re7 Rad8 25. h4 c4 26. Bxh7+ Kf8 27. Bf5 Rd1 28. Kf1 R8d5 29. Rxf7+ Kxf7 30. Be6+ Kf8 31. Bxd5 Rxd5 32. Re6 Rd1+ 33. Ke2 Rc1 34. Rxb6 Rxc2+ 35. Ke1 Rxc3 36. Rxa6 Rc1+ 37. Ke2 Ra1 38. h5 Ra2+ 39. Ke3 c3 40. g4 c2 41. Kd2 c1=Q+ 42. Kxc1 Rxf2 43. g5 Rh2 44. h6 gxh6 45. gxh6 Kg8 46. a4 Kh7 47. a5 Ra2 48. Kb1 Ra3 49. Kb2 Ra4 50. Kb3 Ra1 51. Kc4 Rc1+ 52. Kb5 Rb1+ 53. Kc6 Ra1 54. Kb7 Ra2 55. Ra8 Kxh6 56. a6 Kg7 57. Rb8 Kf7 58. a7 Rb2+ 59. Kc6 1-0

[Event "2BLO 2324 FC Bayern München II - SV Deg"]
[Site "?"]
[Date "2024.02.03"]
[Round "5.8"]
[White "Lentrodt, Thomas"]
[Black "Miljkovic, Miroslav D"]
[Result "1/2-1/2"]
[WhiteElo "2215"]
[BlackElo "2434"]
[PlyCount "143"]
[EventDate "2024.??.??"]

1. d4 Nf6 2. c4 e6 3. Nf3 d5 4. Nc3 c6 5. e3 Nbd7 6. Qc2 Bd6 7. Bd3 O-O 8. O-O dxc4 9. Bxc4 b5 10. Be2 b4 11. Ne4 Nxe4 12. Qxe4 Bb7 13. Bd2 Rb8 14. Qg4 Nf6 15. Qh4 Be7 16. Rfd1 Re8 17. Ne5 Nd7 18. Qf4 Nxe5 19. Qxe5 Bd6 20. Qh5 e5 21. Be1 Qf6 22. Qf3 Qe7 23. Qh5 g6 24. Qh6 e4 25. Rac1 Qf6 26. g3 a5 27. Rc2 Rbd8 28. Rdc1 Re6 29. Bc4 Re7 30. Bf1 Rc7 31. h4 Bf8 32. Qf4 Qxf4 33. gxf4 c5 34. dxc5 Rdc8 35. a3 Rxc5 36. Rxc5 Rxc5 37. Rxc5 Bxc5 38. axb4 axb4 39. Bc4 Kg7 40. Kg2 Be7 41. Kg3 Bc6 42. Be2 Bd5 43. h5 Kh6 44. hxg6 Kxg6 45. f3 exf3 46. Bxf3 Bxf3 47. Kxf3 b3 48. e4 f5 49. Ke3 Ba3 50. exf5+ Kxf5 51. Kd3 Bxb2 52. Kc4 Bc1 53. Kxb3 Bxf4 54. Kc4 Ke4 55. Bb4 Bg5 56. Be1 h5 57. Kc5 Bf4 58. Bh4 Be5 59. Kc4 Bd4 60. Bd8 Be3 61. Be7 Bf4 62. Bd8 Bd6 63. Bh4 Kf3 64. Kd3 Bf4 65. Bd8 Bd6 66. Bf6 Bc5 67. Bd8 Bf2 68. Be7 Kg4 69. Ke2 Bh4 70. Bxh4 Kxh4 71. Kf2 Kg4 72. Kg2 1/2-1/2

[Event "2BLO 2324 SK München Südost - SC Bavar"]
[Site "?"]
[Date "2024.02.03"]
[Round "5.1"]
[White "Stocek, Jiri"]
[Black "Marcelin, Cyril"]
[Result "1/2-1/2"]
[WhiteElo "2548"]
[BlackElo "2450"]
[PlyCount "80"]
[EventDate "2024.??.??"]

1. e4 e6 2. d4 d5 3. e5 c5 4. c3 Nc6 5. Nf3 Bd7 6. Be2 Rc8 7. O-O h6 8. c4 dxc4 9. dxc5 Qc7 10. Nbd2 Nxe5 11. Nxe5 Qxe5 12. Nxc4 Qxc5 13. Bf4 Nf6 14. Ne5 Qb4 15. Nxd7 Nxd7 16. Rc1 Bc5 17. g3 Ke7 18. Rc4 Qxb2 19. Bd3 Rhd8 20. Rc2 Qb6 21. Qe2 Nf6 22. Be5 Bd6 23. Bc3 Kf8 24. Rfc1 Rc6 25. Bxf6 gxf6 26. Rxc6 bxc6 27. Be4 Bc5 28. Kg2 Rd4 29. Rc2 Rb4 30. Bf3 a5 31. Bh5 Bd4 32. Qe4 Rb2 33. Qh7 Qa7 34. Qxh6+ Kg8 35. Rxc6 Qb7 36. Bxf7+ Kxf7 37. Qh7+ Kf8 38. Qh8+ Kf7 39. Qh7+ Kf8 40. Qh8+ Kf7 1/2-1/2

[Event "2BLO 2324 SK München Südost - SC Bavar"]
[Site "?"]
[Date "2024.02.03"]
[Round "5.2"]
[White "Kosic, Dragan"]
[Black "Kaczur, Florian"]
[Result "1/2-1/2"]
[WhiteElo "2375"]
[BlackElo "2506"]
[PlyCount "140"]
[EventDate "2024.??.??"]

1. d4 Nf6 2. Nf3 b6 3. c4 e6 4. Nc3 Bb7 5. Bg5 h6 6. Bh4 Bb4 7. Nd2 Be7 8. e4 d6 9. Bg3 Nbd7 10. Bd3 e5 11. d5 Nf8 12. Nf1 g6 13. Be2 N6d7 14. h4 h5 15. Ne3 Nh7 16. Qc2 Bf8 17. f3 Bh6 18. Bf2 c6 19. dxc6 Bxc6 20. O-O-O Nc5 21. Kb1 Nf6 22. Ned5 Rc8 23. Nb4 O-O 24. Nxc6 Rxc6 25. g4 Bg7 26. Rd2 Qc8 27. Nb5 Qb8 28. g5 Ne8 29. b4 Ne6 30. Qa4 a5 31. a3 Rc8 32. Rhd1 N8c7 33. Nxd6 Rcd8 34. Qc6 Nd4 35. Bxd4 exd4 36. Nb7 Rc8 37. Nd6 Nb5 38. Qxb5 Qxd6 39. Bd3 axb4 40. axb4 Ra8 41. Ra2 Rxa2 42. Kxa2 Qh2+ 43. Kb3 Ra8 44. Bc2 d3 45. Rxd3 Ra2 46. Qe8+ Kh7 47. Rc3 Bxc3 48. Qxf7+ Bg7 49. Kxa2 Qxc2+ 50. Ka3 Qh2 51. Ka4 Qxh4 52. f4 Qg4 53. e5 h4 54. e6 h3 55. e7 Qd7+ 56. Ka3 h2 57. e8=Q Qxe8 58. Qxe8 h1=Q 59. Ka4 Qf3 60. Qe6 Qxf4 61. Qh3+ Kg8 62. Qe6+ Qf7 63. Qxb6 Bf8 64. c5 Qa2+ 65. Kb5 Qe2+ 66. Ka5 Qe4 67. c6 Bxb4+ 68. Qxb4 Qxc6 69. Qe7 Qd5+ 70. Kb4 Qd4+ 1/2-1/2

[Event "2BLO 2324 SK München Südost - SC Bavar"]
[Site "?"]
[Date "2024.02.03"]
[Round "5.3"]
[White "Pezelj, Novak"]
[Black "Hoefelsauer, Thomas"]
[Result "1-0"]
[WhiteElo "2482"]
[BlackElo "2331"]
[PlyCount "105"]
[EventDate "2024.??.??"]

1. c4 c6 2. Nf3 d5 3. e3 Nf6 4. b3 Bf5 5. Bb2 h6 6. Nc3 e6 7. d4 Be7 8. Bd3 Bxd3 9. Qxd3 Nbd7 10. O-O O-O 11. Rfd1 Qc7 12. Rac1 Rfd8 13. h3 Qa5 14. a3 Qa6 15. Qe2 Rac8 16. e4 Nxe4 17. Nxe4 dxe4 18. Qxe4 Bf6 19. Qc2 Qa5 20. Bc3 Qc7 21. Nd2 c5 22. Ne4 Bxd4 23. Bxd4 cxd4 24. Rxd4 Ne5 25. Rcd1 Rxd4 26. Rxd4 Nc6 27. Rd1 Rd8 28. b4 Rxd1+ 29. Qxd1 Qf4 30. Nd6 b6 31. g3 Qf6 32. Nc8 Qe5 33. Qf3 Qe1+ 34. Kg2 Ne5 35. Qa8 g5 36. Nd6+ Kg7 37. Qxa7 Qe2 38. Qb7 Nd3 39. Qxf7+ Kh8 40. Qf6+ Kh7 41. Qe7+ Kg8 42. Qd8+ Kh7 43. Qc7+ Kg8 44. Qb8+ Kg7 45. Qb7+ Kg8 46. Qf7+ Kh8 47. Qf6+ Kh7 48. Kh2 Ne1 49. g4 Nf3+ 50. Kg3 Nd2 51. Kg2 Qf1+ 52. Kh2 Qe2 53. Ne8 1-0

[Event "2BLO 2324 SK München Südost - SC Bavar"]
[Site "?"]
[Date "2024.02.03"]
[Round "5.4"]
[White "Huber, Benedikt"]
[Black "Schneider, Jana"]
[Result "1/2-1/2"]
[WhiteElo "2262"]
[BlackElo "2320"]
[PlyCount "135"]
[EventDate "2024.??.??"]

1. e4 e5 2. Nf3 Nc6 3. Bb5 a6 4. Ba4 Nf6 5. d3 d6 6. c3 g6 7. O-O Bg7 8. Re1 O-O 9. Nbd2 Nd7 10. Nf1 Nc5 11. Bc2 Ne6 12. Ng3 Qf6 13. h3 h5 14. Be3 Nf4 15. Bxf4 Qxf4 16. Qc1 Qxc1 17. Raxc1 Bd7 18. Nf1 Rfd8 19. Ne3 Ne7 20. Bb3 Be8 21. Nd5 Nxd5 22. Bxd5 a5 23. a3 a4 24. d4 Ra6 25. dxe5 dxe5 26. Rc2 c6 27. Bc4 Raa8 28. Kf1 Kf8 29. Ke2 Ke7 30. Rd1 Rxd1 31. Kxd1 Rd8+ 32. Rd2 Rxd2+ 33. Kxd2 Kf6 34. Ne1 Bf8 35. Nd3 Bd6 36. Ke2 Bd7 37. Kf3 Ke7 38. Ke3 g5 39. Ke2 f5 40. Ke3 Bc7 41. exf5 Bxf5 42. Ke2 e4 43. Nb4 Bf4 44. Kd1 h4 45. Nc2 Kd6 46. Nd4 Bd7 47. Be2 Be5 48. Nc2 Be6 49. Ne3 Bb3+ 50. Kd2 Bf4 51. g3 Be5 52. Nf5+ Ke6 53. Bg4 Kf6 54. Ke3 Bd5 55. gxh4 Bf4+ 56. Kd4 Bc1 57. hxg5+ Kxg5 58. Ne3 Bb3 59. Bc8 b6 60. Bd7 c5+ 61. Kxe4 Bxb2 62. Nd5 Bxd5+ 63. Kxd5 Bxc3 64. Bxa4 Bb2 65. Kc6 Bxa3 66. Kxb6 Kh4 67. Bd7 c4 68. Kb5 1/2-1/2

[Event "2BLO 2324 SK München Südost - SC Bavar"]
[Site "?"]
[Date "2024.02.03"]
[Round "5.5"]
[White "Goldbeck, Lars"]
[Black "Lohvinov, Petro"]
[Result "0-1"]
[WhiteElo "2301"]
[BlackElo "2193"]
[PlyCount "80"]
[EventDate "2024.??.??"]

1. d4 Nf6 2. Nf3 g6 3. Nbd2 d5 4. c4 Bg7 5. cxd5 Qxd5 6. e3 O-O 7. Bc4 Qa5 8. O-O c5 9. Nb3 Qc7 10. Bd2 Ne4 11. Rc1 Nd7 12. Bb4 b6 13. Qc2 Bb7 14. Bd3 Nef6 15. e4 a5 16. Ba3 Qf4 17. Qd2 Qg4 18. h3 Qh5 19. Qe2 Rfc8 20. dxc5 bxc5 21. Nbd2 Nb6 22. Rfe1 e6 23. Nf1 c4 24. Bb1 Qb5 25. Red1 Nfd7 26. Nd4 Qg5 27. Nf3 Qh5 28. N1h2 Ba6 29. Nd4 Qg5 30. Nhf3 Qh5 31. Qe1 Ne5 32. Nxe5 Qxe5 33. Qe3 c3 34. b3 a4 35. Rxc3 Rd8 36. Bc5 Nd7 37. Be7 Re8 38. Bb4 axb3 39. axb3 Qh5 40. Rc7 Qxd1+ 0-1